Metódy štatistického porovnávania /
Gespeichert in:
| Hauptverfasser: | , |
|---|---|
| Format: | Buch |
| Sprache: | Slowakisch |
| Veröffentlicht: |
Bratislava :
Ekonóm,
2007
|
| Ausgabe: | 1. vyd. |
| Schlagworte: | |
| ISBN: | 9788022522854 |
| Online-Zugang: |
|
| Tags: |
Tag hinzufügen
Keine Tags, Fügen Sie den ersten Tag hinzu!
|
MARC
| LEADER | 00000nam a2200000 4500 | ||
|---|---|---|---|
| 003 | SK-BrCVT | ||
| 005 | 20220621163119.0 | ||
| 008 | 070726s2007 xo e ||||||slo d | ||
| 020 | |a 9788022522854 | ||
| 035 | |a CVTIDW1415789 | ||
| 040 | |b slo |a CVTI SR |e AACR2 | ||
| 041 | 0 | |a slo | |
| 044 | |a xo | ||
| 080 | |a 311 |2 UDC-MRF | ||
| 080 | |a 519.2 |2 UDC-MRF | ||
| 100 | 1 | |a Pažitná, Mária |4 aut | |
| 245 | 1 | 0 | |a Metódy štatistického porovnávania / |c Mária Pažitná, Viera Labudová |
| 250 | |a 1. vyd. | ||
| 260 | |a Bratislava : |b Ekonóm, |c 2007 | ||
| 300 | |a 179 s. : |b lit., tab. ; | ||
| 500 | |a Ekonomická univerzita, Fakulta hospodárskej informatiky | ||
| 653 | 1 | |a klasifikácia indexov |a cenový index |a metóda poradí | |
| 700 | 1 | |a Labudová, Viera |4 aut | |
| 910 | |b S602737 |b S602738 | ||
| 919 | |a 978-80-225-2285-4 | ||
| 974 | |f Knihy | ||
| 992 | |a ASK | ||
| 999 | |c 154605 |d 154605 | ||

